LEADER 02247oam 2200493 450 001 9910483682703321 005 20211130113729.0 010 $a981-15-9639-5 024 7 $a10.1007/978-981-15-9639-1 035 $a(CKB)5460000000008621 035 $a(DE-He213)978-981-15-9639-1 035 $a(MiAaPQ)EBC6450877 035 $a(PPN)253251893 035 $a(EXLCZ)995460000000008621 100 $a20210611d2021 uy 0 101 0 $aeng 135 $aurnn#008mamaa 181 $ctxt$2rdacontent 182 $cc$2rdamedia 183 $acr$2rdacarrier 200 00$aFacts and evidence $ea dialogue between philosophy and law /$fBaosheng Zhang [and three others] 205 $a1st ed. 2021. 210 1$aSingapore :$cSpringer,$d[2021] 210 4$d©2021 215 $a1 online resource (X, 322 p. 17 illus.) 311 $a981-15-9638-7 320 $aIncludes bibliographical references. 327 $aFacts and Evidence in Philosophical Epistemology -- Facts and Evidence in Juridical Epistemology -- Facts and Evidence in Criminal Trials. 330 $aThis book presents an in-depth discussion on two concepts from the field of philosophy and law, in order to improve our understanding of the relation between ?fact? and ?evidence? in judicial process. Since fact-finding is a difficult task for judges, proof by evidence has been devised to help them access the truth. However, in the process of judicial fact-finding, there is always a gap between fact and truth. This book covers a wide range of topics, from reflections on the concept of ?fact,? ?evidence? and ?fact-finding? in the field of philosophy and law to individual case studies. As such it is a useful reference resource on the continuing research on the judicial proof process for students and scholars. 606 $aLaw$xPhilosophy 606 $aProva (Dret)$2lemac 606 $aDret$xFilosofia$2lemac 615 0$aLaw$xPhilosophy. 615 7$aProva (Dret) 615 7$aDret$xFilosofia 676 $a340.1 702 $aZhang$b Baosheng 801 0$bMiAaPQ 801 1$bMiAaPQ 801 2$bUtOrBLW 906 $aBOOK 912 $a9910483682703321 996 $aFacts and evidence$92462869 997 $aUNINA LEADER 01360oam 2200397Ia 450 001 9910701295603321 005 20111122160622.0 035 $a(CKB)5470000002416097 035 $a(OCoLC)761956189 035 $a(EXLCZ)995470000002416097 100 $a20111122d1993 ua 0 101 0 $aeng 135 $aurbn||||||||| 181 $ctxt$2rdacontent 182 $cc$2rdamedia 183 $acr$2rdacarrier 200 00$aFailure of residual heat removal pump bearings due to high thrust loading$b[electronic resource] 210 1$aWashington, D.C. :$cU.S. Nuclear Regulatory Commission, Office of Nuclear Reactor Regulation,$d[1993] 215 $a1 online resource 225 1 $aNRC information notice ;$v93-08 300 $aTitle from title screen (viewed on Nov. 22, 2011). 300 $a"February 1, 1993." 606 $aNuclear reactors$xCooling 606 $aPumping machinery 606 $aBearings (Machinery) 615 0$aNuclear reactors$xCooling. 615 0$aPumping machinery. 615 0$aBearings (Machinery) 712 02$aU.S. Nuclear Regulatory Commission.$bOffice of Nuclear Reactor Regulation. 801 0$bGPO 801 1$bGPO 801 2$bGPO 906 $aBOOK 912 $a9910701295603321 996 $aFailure of residual heat removal pump bearings due to high thrust loading$93215643 997 $aUNINA